Tiếp tục đổi mới, nâng cao chất lượng hoạt động của hệ thống chính trị cấp cơ sở ở ĐăkLăk /

Сохранить в:
Библиографические подробности
Главный автор: Đỗ Văn Dương, ThS.
Формат: Статья
Язык:Vietnamese
Предметы:
Метки: Добавить метку
Нет меток, Требуется 1-ая метка записи!
Thư viện lưu trữ: Thư viện Trường Đại học Đà Lạt
LEADER 00872nam a2200265 4500
001 DLU120135340
005 ##20120518
040 # # |a DLU  |b vie 
041 # # |a vie 
044 # # |a vn 
100 # # |a Đỗ Văn Dương,   |c ThS. 
245 # # |a Tiếp tục đổi mới, nâng cao chất lượng hoạt động của hệ thống chính trị cấp cơ sở ở ĐăkLăk /  |a Đỗ Văn Dương. 
653 # # |a Chính quyền địa phương 
653 # # |a Giáo dục pháp luật 
653 # # |a Hệ thống chính trị 
773 # # |t Nghiên cứu Lập pháp  |g Số 17(178), 2010, tr. 45-49 
920 # # |a Phòng Tạp chí -- Trung tâm Thông tin - Thư viện Trường Đại học Đà Lạt 
994 # # |a DLU 
900 # # |a True 
911 # # |a Nguyễn Thị Linh Chi 
925 # # |a G 
926 # # |a A 
927 # # |a BB 
980 # # |a Thư viện Trường Đại học Đà Lạt